000 00722nam a2200229 i 4500
001 20382
003 ES-MaACL
005 20230906152306.0
007 t|
008 021112s1980 sp ||||1| spa d
020 _a84-7140-042-1
080 _a623.82(460)"18/19"(091)
100 1 _aAguilera, Alfredo.
_918756
245 1 0 _aBuques de guerra españoles :
_b1885-1971 : (crónicas y datos) /
_cAlfredo Aguilera ; dibujos de Vicente Elías.
250 _a3ª ed.
260 _aMadrid :
_bSan Martín,
_c1980.
300 _a147 p. :
_bil. ;
_c28 cm.
504 _aBibliografía: p. 142.
650 4 _aBarcos de guerra-
_zEspaña-
_vHistoria.
_9158195
700 1 _aElías, Vicente.
_946972
852 4 _aES-MaACL
_jA-10819
999 _c20382
_d20382